[Event "Schwarzach op-B"]
[Site "Schwarzach"]
[Date "1999.??.??"]
[Round "3"]
[White "Huber, Josef"]
[Black "Schweiger, Wolfgang"]
[Result "0-1"]
[WhiteElo "1865"]
[BlackElo "1775"]
[PlyCount "66"]
[EventDate "1999.08.??"]
[EventType "swiss"]
[EventRounds "9"]
[EventCountry "AUT"]
[SourceTitle "EXT 2000"]
[Source "ChessBase"]
[SourceDate "1999.11.16"]
[SourceVersion "1"]
[SourceVersionDate "1999.11.16"]
[SourceQuality "1"]

1. d4 d5 2. Nf3 Nf6 3. Bg5 e6 4. e3 c5 5. c3 Nc6 6. Bd3 c4 7. Bc2 Be7 8. Nbd2 b5 9. 0-0 Bb7 10. Qe2 Qc7 11. e4 dxe4 12. Nxe4 Nxe4 13. Bxe4 Bxg5 14. Nxg5 h6 15. Nf3 0-0 16. Rad1 Ne7 17. Ne5 a5 18. Bc2 Nd5 19. Qe4 Nf6 20. Qh4 b4 21. Rfe1 Nd5 22. Qe4 f5 23. Qe2 bxc3 24. Qxc4 Qxc4 25. Nxc4 cxb2 26. Rxe6 Nc3 27. Rde1 Bd5 28. R6e3 Nxa2 29. Nb6 Nb4 30. Ba4 Be4 31. Rxe4 fxe4 32. Nxa8 Rc8 33. Bb3+ Kh8 0-1

[Event "Schwarzach op-B"]
[Site "Schwarzach"]
[Date "1999.??.??"]
[Round "9"]
[White "Van Essen, Mark"]
[Black "Schweiger, Wolfgang"]
[Result "1/2-1/2"]
[WhiteElo "1825"]
[BlackElo "1775"]
[PlyCount "40"]
[EventDate "1999.08.??"]
[EventType "swiss"]
[EventRounds "9"]
[EventCountry "AUT"]
[SourceTitle "EXT 2000"]
[Source "ChessBase"]
[SourceDate "1999.11.16"]
[SourceVersion "1"]
[SourceVersionDate "1999.11.16"]
[SourceQuality "1"]

1. Nc3 c6 2. d3 d5 3. e4 dxe4 4. dxe4 Qxd1+ 5. Nxd1 e5 6. Nf3 Nf6 7. Nxe5 Nxe4 8. Bc4 Nd6 9. Bb3 Nd7 10. Nxd7 Bxd7 11. 0-0 0-0-0 12. Bf4 f6 13. Ne3 g5 14. Bxd6 Bxd6 15. Rad1 Bc5 16. Rfe1 Rhe8 17. Nf1 f5 18. Nd2 Kc7 19. Kf1 b5 20. Nf3 a5 1/2-1/2